Statistics for TOP 100 Euroleague basketball players 2023-2024

Click here to take the quiz!

General Stats

  • This quiz has been taken 975 times
  • The average score is 46 of 100

Answer Stats

HintAnswer% Correct
1CReal MadridWalter Tavares
95%
8GAS MónacoMike James
94%
2FOlimpia MilanoNikola Mirotic
90%
6CPanathinaikosMathias Lessort
88%
10GAnadolu EfesShane Larkin
88%
19GKK PartizanKevin Punter
81%
7GMaccabi Tel AvivLorenzo Brown
81%
15GReal MadridFacundo Campazzo
80%
77GALBA BerlínSterling Brown
79%
31CFC BarcelonaJan Vesely
76%
17GPanathinaikosKostas Sloukas
75%
11FPanathinaikosJuancho Hernangomez
74%
3CFC BarcelonaWilly Hernangomez
74%
9GMaccabi Tel AvivWade Baldwin
72%
18FReal MadridDzanan Musa
71%
4GAS MónacoKemba Walker
71%
38GCrvena zvezdaMilos Teodosic
69%
14COlympiakosNikola Milutinov
69%
62GOlimpia MilanoMaodo Lo
68%
93FReal MadridMario Hezonja
67%
5FAnadolu EfesWill Clyburn
66%
54COlympiakosMoustapha Fall
65%
97CASVELYoussoupha Fall
65%
35GAS MónacoElie Okobo
63%
13CFenerbahçeJohnathan Motley
63%
26CKK PartizanFrank Kaminsky
61%
32GZalguiris KaunasKeenan Evans
61%
50GCrvena zvezdaNemanja Nedović
61%
89GSaski BaskoniaMarkus Howard
60%
23CKK PartizanZach LeDay
60%
12GAS MónacoJordan Loyd
58%
40FVirtus BolognaTornike Shengelia
58%
16FReal MadridGabriel Deck
57%
33GPanathinaikosLucas Vildoza
56%
69GFenerbahçeScottie Wilbekin
56%
20FOlimpia MilanoShavon Shields
55%
24GValencia BasketChris Jones
54%
30CReal MadridGuerschon Yabusele
54%
22GOlimpia MilanoShabazz Napier
54%
56GFenerbahçeNick Calathes
53%
34CAnadolu EfesTirique Jones
53%
70CSaski BaskoniaChima Moneke
51%
21GAnadolu EfesDarius Thompson
51%
29GAS MónacoNando De Colo
50%
25FFC BarcelonaJabari Parker
49%
58GFenerbahçeMarko Guduric
49%
41FFenerbahçeNigel Hayes
49%
28COlimpia MilanoNicolo Melli
48%
48GOlympiakosThomas Walkup
48%
49CMaccabi Tel AvivJosh Nebo
47%
47GKK PartizanPJ Dozier
46%
27GFC BarcelonaThomas Satoransky
46%
63GASVELParis Lee
45%
51FCrvena zvezdaRokas Giedraitis
45%
60CFenerbahçeGeorgios Papagiannis
44%
64GPanathinaikosJerian Grant
43%
86CReal MadridVincent Poirier
43%
42CValencia BasketBrandon Davies
41%
37FMaccabi Tel AvivBonzie Colson
39%
78CAS MónacoDonta Hall
39%
43FBayern MunichVladimir Lucic
39%
75FAS MónacoAlpha Diallo
35%
59FZalguiris KaunasEdgaras Ulanovas
35%
84CCrvena zvezdaMike Tobey
35%
81GFenerbahçeTyler Dorsey
35%
91GBayern MunichCarsen Edwards
33%
39FOlympiakosLuke Sikma
32%
88GOlimpia MilanoKevin Pangos
30%
44CSaski BaskoniaMaik Kotsar
30%
61FFenerbahçeDyshawn Pierre
28%
87FPanathinaikosIoannis Papapetrou
27%
85FZalguiris KaunasRoland Smits
27%
36GSaski BaskoniaCodi Miller- McIntyre
26%
68GOlimpia MilanoBIlly Baron
25%
100COlimpia MilanoJohannes Voigtmann
25%
72FOlympiakosKostas Papanikolau
25%
80GCrvena zvezdaYago Dos Santos
24%
65FValencia BasketSemi Ojeleye
22%
74GBayern MunichSylvain Francisco
22%
76CAnadolu EfesAnte Zizic
21%
98GZalguiris KaunasIgnas Brazdeikis
20%
53GVirtus BolognaJaleen Smith
20%
90GValencia BasketJared Harper
19%
45GPanathinaikosMateusz Ponitka
19%
71FASVELMike Scott
19%
73FASVELTimothé Luwawu- Cabarrot
19%
99CMaccabi Tel AvivJasiel Rivero
18%
82GBayern MunichLeandro Bolmaro
18%
94CCrvena zvezdaMarko Simonovic
16%
57FFenerbahçeNemanja Bjelica
16%
66FASVELFrank Jackson
15%
55GMaccabi Tel AvivAntonius Cleveland
14%
83FAnadolu EfesDerek WIllis
14%
52COlimpia MilanoIsmaël Kamagate
14%
46GFenerbahçeRaul Neto
13%
96FZalguiris KaunasBrady Manek
12%
95FFenerbahçeAchille Polonara
11%
67CSaski BaskoniaKhalifa Diop
11%
79CASVELJohn Egbunu
9%
92FVirtus BolognaDevonte Cacok
8%

Score Distribution

Percentile by Number Answered

Percent of People with Each Score

Your Score History

You have not taken this quiz